<?xml version="1.0" encoding="UTF-8"?>
<record
    xmlns:xsi="http://www.w3.org/2001/XMLSchema-instance"
    xsi:schemaLocation="http://www.loc.gov/MARC21/slim http://www.loc.gov/standards/marcxml/schema/MARC21slim.xsd"
    xmlns="http://www.loc.gov/MARC21/slim">

  <leader>00753nam a22001817a 4500</leader>
  <controlfield tag="005">20230913130814.0</controlfield>
  <datafield tag="010" ind1=" " ind2=" ">
    <subfield code="a">HIN-125952 </subfield>
  </datafield>
  <datafield tag="020" ind1=" " ind2=" ">
    <subfield code="c">180 .00</subfield>
    <subfield code="a">9788195032952</subfield>
  </datafield>
  <datafield tag="035" ind1=" " ind2=" ">
    <subfield code="a">HN-98298</subfield>
  </datafield>
  <datafield tag="037" ind1=" " ind2=" ">
    <subfield code="b">DBAD/PUB</subfield>
  </datafield>
  <datafield tag="082" ind1=" " ind2=" ">
    <subfield code="a">920 </subfield>
  </datafield>
  <datafield tag="100" ind1=" " ind2=" ">
    <subfield code="a">&#x928;&#x94C;&#x917;&#x930;&#x948;&#x92F;&#x93E; ,&#x92E;&#x92E;&#x924;&#x93E; </subfield>
    <subfield code="9">56546</subfield>
  </datafield>
  <datafield tag="245" ind1=" " ind2=" ">
    <subfield code="a">&#x92A;&#x94D;&#x930;&#x924;&#x93F;&#x92D;&#x93E;&#x936;&#x93E;&#x932;&#x940; &#x92E;&#x939;&#x93F;&#x932;&#x93E;&#x90F;&#x901; /</subfield>
    <subfield code="c">&#x92E;&#x92E;&#x924;&#x93E; &#x928;&#x94C;&#x917;&#x930;&#x948;&#x92F;&#x93E; </subfield>
  </datafield>
  <datafield tag="260" ind1=" " ind2=" ">
    <subfield code="a">&#x909;&#x924;&#x94D;&#x924;&#x930;&#x92A;&#x94D;&#x930;&#x926;&#x947;&#x936; </subfield>
    <subfield code="b">&#x928;&#x93F;&#x930;&#x941;&#x92A;&#x92E;&#x93E; &#x92A;&#x94D;&#x930;&#x915;&#x93E;&#x936;&#x928; </subfield>
    <subfield code="c">2021</subfield>
  </datafield>
  <datafield tag="270" ind1=" " ind2=" ">
    <subfield code="a">506/13 &#x936;&#x93E;&#x938;&#x94D;&#x924;&#x94D;&#x930;&#x940; &#x928;&#x917;&#x930; ,&#x92E;&#x947;&#x930;&#x920; </subfield>
    <subfield code="b">&#x909;&#x924;&#x94D;&#x924;&#x930;&#x92A;&#x94D;&#x930;&#x926;&#x947;&#x936; </subfield>
  </datafield>
  <datafield tag="300" ind1=" " ind2=" ">
    <subfield code="a">160  &#x92A;&#x943;&#x937;&#x94D;&#x920;  </subfield>
    <subfield code="c">20 &#x938;&#x947;&#x92E;&#x940;.(&#x905;&#x91C;&#x93F;&#x932;&#x94D;&#x926;)</subfield>
  </datafield>
  <datafield tag="942" ind1=" " ind2=" ">
    <subfield code="2">ddc</subfield>
    <subfield code="c">HN</subfield>
    <subfield code="h">920 </subfield>
    <subfield code="m">&#x928;&#x94C;&#x917;&#x930;&#x948; </subfield>
  </datafield>
  <datafield tag="999" ind1=" " ind2=" ">
    <subfield code="c">198076</subfield>
    <subfield code="d">198076</subfield>
  </datafield>
  <datafield tag="952" ind1=" " ind2=" ">
    <subfield code="0">0</subfield>
    <subfield code="1">0</subfield>
    <subfield code="4">0</subfield>
    <subfield code="7">0</subfield>
    <subfield code="8">NFIC</subfield>
    <subfield code="a">DBAD</subfield>
    <subfield code="b">M</subfield>
    <subfield code="d">2023-09-13</subfield>
    <subfield code="e">DBAD/PUB</subfield>
    <subfield code="g">180.00</subfield>
    <subfield code="l">0</subfield>
    <subfield code="o">920  &#x928;&#x94C;&#x917;&#x930;&#x948; </subfield>
    <subfield code="p">HN-98298</subfield>
    <subfield code="r">2023-09-13 00:00:00</subfield>
    <subfield code="t">1 </subfield>
    <subfield code="v">180.00</subfield>
    <subfield code="w">2023-09-13</subfield>
    <subfield code="y">HN</subfield>
  </datafield>
</record>
